Normal view MARC view
  • ACI Committee 347--Formwork for Concrete

Entry Corporate Name

Number of records used in: 3

001 - CONTROL NUMBER

  • control field: 45370

003 - CONTROL NUMBER IDENTIFIER

  • control field: NUST

005 - DATE AND TIME OF LATEST TRANSACTION

  • control field: 20210314133228.0

008 - FIXED-LENGTH DATA ELEMENTS

  • fixed length control field: 210314|| aca||aabn | a|a d

040 ## - CATALOGING SOURCE

  • Original cataloging agency: NUST
  • Transcribing agency: NUST

110 ## - HEADING--CORPORATE NAME

  • Corporate name or jurisdiction name as entry element: ACI Committee 347--Formwork for Concrete

670 ## - SOURCE DATA FOUND

  • Source citation: Work cat.: (NUST): Hurd, M. K. 45369, Formwork for concrete /, c1995.
© 2023 Central Library, National University of Sciences and Technology. All Rights Reserved.